000
00184 a2200085 4500
020
_a
9781250016980
082
_a
796.42092 RODG
100
_a
Rodgers Bill
_9
172357
245
_a
Marathon man
999
_c
745132
_d
745131
942
_w
429
_x
Elizabeth Motloung
_y
429
_z
Elizabeth Motloung